LEADER 02524nam 2200637 a 450 001 9910790151303321 005 20200520144314.0 010 $a1-283-95348-X 010 $a1-78042-723-9 035 $a(CKB)2670000000170676 035 $a(EBL)886829 035 $a(OCoLC)794493094 035 $a(SSID)ssj0000660895 035 $a(PQKBManifestationID)12309712 035 $a(PQKBTitleCode)TC0000660895 035 $a(PQKBWorkID)10708111 035 $a(PQKB)10194002 035 $a(MiAaPQ)EBC886829 035 $a(Au-PeEL)EBL886829 035 $a(CaPaEBR)ebr10556202 035 $a(CaONFJC)MIL426598 035 $a(PPN)197272827 035 $a(EXLCZ)992670000000170676 100 $a20120511d2012 uy 0 101 0 $aeng 135 $aurcnu|||||||| 181 $ctxt 182 $cc 183 $acr 200 10$aApocalypse$b[electronic resource] /$f[author, Famille Flammarion] 210 $a[New York, N.Y. $cParkstone International$d2012?] 215 $a1 online resource (256 p.) 225 1 $aMega Square 300 $a"Extract from La Fin du monde (The end of the world)." 300 $aIncludes index. 311 $a1-906981-46-9 327 $aSelected Dates of Apocalyptic Predictions; Beliefs about the end of the world through the ages; Index 330 $aThe final book of the Bible, called both Revelation and Apocalypse, prophesises what will happen at the end of time. During the Middle Ages, in a society which deeply believed in God and was mainly ruled by religious authorities, this theme has often been used in art. Its symbolic content allowed for many different interpretations, using various types of support (tapestries, illuminations, sculpture, painting). This book pools the most famous pieces of art inspired by this theme, such as the Apocalypse drapery from Angers Cathedral, the carved tympanum of the Autun Cathedral, and the fresco in 410 0$aMega Square 606 $aApocalyptic art 606 $aChristian art and symbolism 606 $aApocalyptic art$vPictorial works 606 $aChristian art and symbolism$vPictorial works 615 0$aApocalyptic art. 615 0$aChristian art and symbolism. 615 0$aApocalyptic art 615 0$aChristian art and symbolism 676 $a236.9 700 $aFlammarion$b Camille$f1842-1925.$03296 801 0$bMiAaPQ 801 1$bMiAaPQ 801 2$bMiAaPQ 906 $aBOOK 912 $a9910790151303321 996 $aApocalypse$93809215 997 $aUNINA LEADER 01212nas 2200421- 450 001 9910726493403321 005 20230709213017.0 011 $a2379-2949 035 $a(DE-599)ZDB2832746-9 035 $a(OCoLC)909412940 035 $a(CKB)3880000000005959 035 $a(CONSER)--2015200449 035 $a(EXLCZ)993880000000005959 100 $a20150519a20169999 o-- a 101 0 $aeng 135 $aur||||||||||| 181 $ctxt$2rdacontent 182 $cc$2rdamedia 183 $acr$2rdacarrier 200 00$aArea development and policy 210 1$a[Abingdon, UK] :$cRoutledge, Taylor & Francis,$d[2016]- 210 4$dİ2016- 215 $a1 online resource 300 $aRefereed/Peer-reviewed 300 $aRefereed/Peer-reviewed 311 $a2379-2957 606 $aArea studies$vPeriodicals 606 $aArea studies$2fast$3(OCoLC)fst00814190 608 $aPeriodicals.$2fast 608 $aPeriodicals.$2lcgft 615 0$aArea studies 615 7$aArea studies. 676 $a338.9 712 02$aRegional Studies Association (Seaford, England), 906 $aJOURNAL 912 $a9910726493403321 996 $aArea development and policy$93378911 997 $aUNINA